Statistics for BTS- love yourself tear

Click here to take the quiz!

General Stats

  • This quiz has been taken 326 times
  • The average score is 9 of 11

Answer Stats

Answer% Correct
2fake love
94%
11tear
90%
1singularity
83%
9anpanman
82%
7magic shop
80%
5paradise
80%
6love maze
78%
10so what
76%
8airplane pt.2
74%
3the truth untold
74%
4134340
72%

Score Distribution

Percentile by Number Answered

Percent of People with Each Score

Your Score History

You have not taken this quiz